| 000 | 00820cam a22002535a 4500 | ||
|---|---|---|---|
| 001 | 15374814 | ||
| 005 | 20151019105303.0 | ||
| 008 | 080721t2009 njua frb 001 0 eng d | ||
| 020 | _a9780471757160 (cloth) | ||
| 020 | _a0471757160 (cloth) | ||
| 040 |
_aDLC _beng _cDLC _dBTCTA _dBAKER _dYDXCP _dC#P _dBWX _dDLC _dEG-ScBUE |
||
| 082 | 0 | 4 |
_a005.1 _bSCI _222 |
| 100 | 1 |
_aSciore, Edward. _938517 |
|
| 245 | 1 | 0 |
_aDatabase design and implementation / _cEdward Sciore. |
| 260 |
_aHoboken : _bJohn Wiley & Sons, _cc.2009. |
||
| 300 |
_axxi, 762 p. : _bill. ; _c25 cm. |
||
| 500 | _aIndex : p. 757-762. | ||
| 504 | _aBibliography : p. 754-756. | ||
| 650 | 0 |
_aDatabase design. _2BUEsh |
|
| 650 | 0 |
_aComputer software _xDevelopment. _2BUEsh |
|
| 651 | _2BUEsh | ||
| 653 |
_bCOMSCI _cJune2015 _cOctober2015 |
||
| 942 |
_2ddc _k005.1 SCI |
||
| 999 |
_c19923 _d19895 |
||